Literacy Treasure/ (Record no. 211975)

MARC details
000 -LEADER
fixed length control field 00683nam a2200205 4500
005 - DATE AND TIME OF LATEST TRANSACTION
control field 20250626162646.0
010 ## - LCCN (DPL NO)
LC control number ENG-145590
020 ## - INTERNATIONAL STANDARD BOOK NUMBER
International Standard Book Number 9788123419848
Terms of availability 200.00
035 ## - SYSTEM CONTROL NUMBER
System control number EN-129122
037 ## - SOURCE OF ACQUISITION
Source of stock number/acquisition DBAD
082 ## - DEWEY DECIMAL CLASSIFICATION NUMBER
Classification number 808.883
Edition number 2
245 ## - TITLE STATEMENT
Title Literacy Treasure/
Statement of responsibility, etc Edited By S. Kanitha [and] Selvi Santhanakrishnan
250 ## - EDITION STATEMENT
Edition statement 2
260 ## - PUBLICATION, DISTRIBUTION, ETC. (IMPRINT)
Place of publication, distribution, etc Chennai
Name of publisher, distributor, etc New Century Book House (P) Ltd.
Date of publication, distribution, etc 2012
270 ## - ADDRESS
Address 41-B, SIDCO Industrial Estate, Ambattur
City Chennai
Postal code 600050
Telephone number 04426251968
Electronic mail address info@ncbh.in
300 ## - PHYSICAL DESCRIPTION
Extent 432p.
Dimensions 21cm(pb)
700 ## - ADDED ENTRY--PERSONAL NAME
Personal name S. Kanitha
Relator term Editor
9 (RLIN) 82395
700 ## - ADDED ENTRY--PERSONAL NAME
Personal name Selvi Santhanakrishnan
Relator term Editor
9 (RLIN) 82396
942 ## - ADDED ENTRY ELEMENTS (KOHA)
Source of classification or shelving scheme Dewey Decimal Classification
Item type English Books
Classification part 808.883
Call number suffix LIT
Edition 1
Holdings
Withdrawn status Lost status Not for loan Collection code Home library Current library Date acquired Source of acquisition Cost, normal purchase price Full call number Barcode Copy number Cost, replacement price Koha item type
      Non-fiction Sarojini Nagar Sarojini Nagar 26/06/2025 Delivery of Books Act Division 200.00 808.883 LIT EN-129122 1 200.00 English Books

© Delhi Public Library
Hit Counter
free hit counter